00587 2200193 4500001002100000005001500021035002000036007000300056008004100059082001100100084001700111100001800128245008900146250003300235260004000268300003300308650002000341504003200361INLIS00000000000416420251210014423 a0010-1225000050ta251210 e 0 ind  a155.25 a155.25 LUQ b0 aLuqman Haqani1 aBerlabuhlah Hingga ke Tepian :bKado untuk Pengantin Baru /cLuqman Haqani (Penulis) aCetakan Ketiga, Agustus 2004 aBandung :bPustaka Ulumuddin,c2004 a104 Halaman :bteks ;c21 cm 4aMotivasi Islami aBibliografi Halaman 101-103